| 000 | 00774nam a2200229 a 4500 | ||
|---|---|---|---|
| 005 | 20240413063820.0 | ||
| 008 | 040301s1998 mx r 000 0 spa d | ||
| 020 | _a9682449278 | ||
| 035 | _aUPN01000132280 | ||
| 049 | _aCG | ||
| 050 | 4 |
_aF1234 V2.8 _bV3.3 |
|
| 100 | 1 |
_aVasconcelos, José, _d1881-1959 |
|
| 245 | 1 | 3 |
_aEl desastre / _cJosé Vasconcelos ; prol. Luis González González. |
| 260 |
_aMéxico : _bTrillas, _c1998. |
||
| 300 |
_a558 p. _bil. |
||
| 440 | 0 |
_aLinterna Mágica ; _v28 |
|
| 600 | 1 | 2 |
_aVasconcelos, José, _d1881-1959 - _vCorrespondencia, memorias, etc. _924998 |
| 650 | 4 |
_aEducación _zMéxico _xHistoria _9187 |
|
| 651 | 4 |
_aMéxico _xPolítica y gobierno _y1910-1946 _vFuentes _912697 |
|
| 700 | 1 |
_aGonzález González, Luis, _eprol. |
|
| 905 | _aLibro | ||
| 999 |
_c104435 _d104435 |
||